HUMAN RIGHTS (Record no. 29296)
[ view plain ]
| 000 -LEADER | |
|---|---|
| fixed length control field | 00195nam a2200085Ia 4500 |
| 008 - FIXED-LENGTH DATA ELEMENTS--GENERAL INFORMATION | |
| fixed length control field | 170620s9999 xx 000 0 und d |
| 100 ## - MAIN ENTRY--PERSONAL NAME | |
| Personal name | Dr KAPOOR- S K |
| 245 #0 - TITLE STATEMENT | |
| Title | HUMAN RIGHTS |
| 260 ## - PUBLICATION, DISTRIBUTION, ETC. | |
| Name of publisher, distributor, etc. | Central Law Agency |
| 260 ## - PUBLICATION, DISTRIBUTION, ETC. | |
| Date of publication, distribution, etc. | 2005 |
| Withdrawn status | Lost status | Source of classification or shelving scheme | Damaged status | Not for loan | Home library | Current library | Date acquired | Source of acquisition | Total Checkouts | Total Renewals | Barcode | Date last seen | Date last checked out | Price effective from | Koha item type |
|---|---|---|---|---|---|---|---|---|---|---|---|---|---|---|---|
| IIMT University College of Law | IIMT University College of Law | 04/15/2008 | 94 | 3 | 7 | 04-B-2630 | 05/23/2018 | 05/10/2018 | 06/29/2017 | Text-Book- for 7 days | |||||
| IIMT University College of Law | IIMT University College of Law | 04/15/2008 | 94 | 3 | 6 | 04-B-2631 | 05/28/2018 | 04/17/2018 | 06/29/2017 | Book Bank |

